000 01236nam a2200289 a 4500
001 ebr10416604
003 CaPaEBR
006 m u
007 cr cn|||||||||
008 101215s2010 ii s 001 0 eng d
020 _z9789380257068
040 _aCaPaEBR
_cCaPaEBR
035 _a(OCoLC)664695921
050 1 4 _aHD30.3
_b.S58 2010eb
100 1 _aShukla, Shikha.
245 1 0 _aProfessional communication
_h[electronic resource] /
_cShikha Shukla.
250 _a1st ed.
260 _aLucknow, India :
_bWord-press,
_c2010.
300 _a235 p.
500 _aIncludes index.
505 0 _aunit 1. Basics of technical communication -- unit 2. Constituents of technical written communication -- unit 3. Forms of technical communication -- unit 4. Presentation : strategies -- unit 5. Value based essays.
533 _aElectronic reproduction.
_bPalo Alto, Calif. :
_cebrary,
_d2011.
_nAvailable via World Wide Web.
_nAccess may be limited to ebrary affiliated libraries.
650 0 _aCommunication in management.
655 7 _aElectronic books.
_2local
710 2 _aebrary, Inc.
856 4 0 _uhttp://site.ebrary.com/lib/rucke/Doc?id=10416604
_zAn electronic book accessible through the World Wide Web; click to view
999 _c84313
_d84313